Isolation of anti-fungal phenolic compounds from petiols of two Hevea brasiliensis (rubber) genotypes and their effect on Phytophthora meadii (Record no. 61740)

MARC details
000 -LEADER
fixed length control field 00643nam a2200205Ia 4500
100 ## - MAIN ENTRY--AUTHOR NAME
Personal name Jayasuriya K E
245 #0 - TITLE STATEMENT
Title Isolation of anti-fungal phenolic compounds from petiols of two Hevea brasiliensis (rubber) genotypes and their effect on Phytophthora meadii
260 ## - PUBLICATION, DISTRIBUTION, ETC. (IMPRINT)
Name of publisher Annals of Applied Biology
Year of publication 2003
300 ## - PHYSICAL DESCRIPTION
Number of Pages 63-69
650 ## - SUBJECT ADDED ENTRY--TOPICAL TERM
Topical Term Anti-fungal activity
650 ## - SUBJECT ADDED ENTRY--TOPICAL TERM
Topical Term Phytophthora leaf disease
650 ## - SUBJECT ADDED ENTRY--TOPICAL TERM
Topical Term Plant extracts
650 ## - SUBJECT ADDED ENTRY--TOPICAL TERM
Topical Term Rubber
650 ## - SUBJECT ADDED ENTRY--TOPICAL TERM
Topical Term Vanillin
700 ## - ADDED ENTRY--PERSONAL NAME
Personal name Deraniyagala S A
700 ## - ADDED ENTRY--PERSONAL NAME
Personal name Wijesundera R L C
856 ## - ELECTRONIC LOCATION AND ACCESS
Uniform Resource Identifier Copy of article
942 ## - ADDED ENTRY ELEMENTS (KOHA)
Koha item type Journals
Holdings
Withdrawn status Lost status Damaged status Not for loan Home library Current library Shelving location Date acquired Serial Enumeration / chronology Koha item type
      Journals RRII Library RRII Library Pathology 17/12/2021 Volume 142, Issue Journals